Functional Java Script (Record no. 333165)

MARC details
000 -LEADER
fixed length control field 00501nam a2200169Ia 4500
008 - FIXED-LENGTH DATA ELEMENTS--GENERAL INFORMATION
fixed length control field 230718s9999 xx 000 0 und d
020 ## - INTERNATIONAL STANDARD BOOK NUMBER
International Standard Book Number 9789351101710
041 ## - LANGUAGE CODE
Language code of text/sound track or separate title eng
082 ## - DEWEY DECIMAL CLASSIFICATION NUMBER
Classification number 005.13'3
Item number FOG
100 ## - MAIN ENTRY--PERSONAL NAME
Personal name Fogus M.
9 (RLIN) 194789
245 ## - TITLE STATEMENT
Title Functional Java Script
Remainder of title Introducing Functional Programming with Underscore.js
260 ## - PUBLICATION, DISTRIBUTION, ETC. (IMPRINT)
Date of publication, distribution, etc. 2013
Name of publisher, distributor, etc. O'Reilly / SPD
300 ## - PHYSICAL DESCRIPTION
Extent 237
365 ## - TRADE PRICE
Currency code Rs.
Price amount 475.00
700 ## - ADDED ENTRY--PERSONAL NAME
Personal name Fogus M.
9 (RLIN) 194789
906 ## - LOCAL DATA ELEMENT F, LDF (RLIN)
d O:0348623-Aug-2013B:361019-Jul-2013
c COMP
b 104.5
Holdings
Withdrawn status Lost status Damaged status Not for loan Home library Current library Date acquired Vendor Budget Code Cost, normal purchase price Bill number Total Checkouts Full call number Barcode Date last seen Discount Cost, replacement price Bill Date Koha item type Original Barcode
        Cummins College of Engineering for Women Pune Cummins College of Engineering for Women Pune 23/08/2013 Technical Book Services COMP 370.50 3610   005.13'3 CCEP-BK-44372 18/07/2023 104.5 475.00 19/07/2013 Books 044372